Biblioteca

Toward a new history of the church in the third world (Registro nro. 70664)

Detalles MARC
000 -LÍDER
Campo fijo de descripción fija 01338nab a2200229 i 4500
001 - NÚMERO DE CONTROL
Campo de control 768714001
003 - IDENTIFICADOR DEL NÚMERO DE CONTROL
Campo de control CO-MdFUSB
005 - FECHA Y HORA DE LA ULTIMA TRANSACCIÓN
control field 20240731164307.0
008 - ELEMENTOS DE LONGITUD FIJA -- INFORMACIÓN GENERAL
Campo fijo de descripción fija -- Información general 240731t1990 -us||||| |||| 00| 0 eng d
040 ## - FUENTE DE CATALOGACIÓN
Idioma de catalogación spa
Agencia que realiza la transcripción CO-MdFUSB
Agencia que realiza la modificación CO-MdFUSB
041 ## - CÓDIGO DE IDIOMA
Código de idioma para texto/pista de sonido o título separado eng
100 ## - ASIENTO PRINCIPAL--NOMBRE PERSONAL
Nombre personal Klaiber, Jeffrey L.,
Término relacionador autor
245 ## - TÍTULO
Título Toward a new history of the church in the third world
Mención de responsabilidad / Jeffrey L. Klaiber
520 ## - NOTA DE RESUMEN, ETC.
Nota de sumario, etc. En junio de 1989, un grupo de historiadores católicos y protestantes se reunió en Londres para elaborar un proyecto de escritura de la historia de las iglesias cristianas en el Tercer Mundo desde una nueva perspectiva. En realidad, este proyecto nació como una derivación de la Asociación Ecuménica de Teólogos del Tercer Mundo (EATWOT). En 1983, en Ginebra, la EATWOT nombró el Comité de Trabajo sobre Historia de la Iglesia en el Tercer Mundo, y ahora el proyecto está finalmente en marcha.
546 ## - NOTA DE IDIOMA
Nota de idioma Texto en inglés.
650 #0 - ASIENTO SECUNDARIO DE MATERIA - TERMINO TEMÁTICO
Término temático o nombre geográfico como elemento de entrada Historia de la Iglesia
9 (RLIN) 153
650 #0 - ASIENTO SECUNDARIO DE MATERIA - TERMINO TEMÁTICO
Término temático o nombre geográfico como elemento de entrada Ecumenismo
Subdivisión general Historia
9 (RLIN) 1146
650 #7 - ASIENTO SECUNDARIO DE MATERIA - TERMINO TEMÁTICO
Término temático o nombre geográfico como elemento de entrada Cristianismo y cultura
Subdivisión de forma Historia
9 (RLIN) 6963
773 0# - ASIENTO DE ITEM FUENTE
Biblionumber 49483
Itemnumber 82856
Otro identificador del ítem R2720
Título International Bulletinof Missionary Research
Número de control del registro (CO-MdFUSB)768714001
Número Internacional Normalizado para Publicaciones Seriadas (ISSN) 0272-6122
Parte(s) relacionada(s) / Volumen., número. (mes año), páginas Volumen 14, (número 3, 1990), páginas: 105 - 108
Enumeración y primera página página: 105
942 ## - TIPO DE MATERIAL (KOHA)
Tipo de Item KOHA Artículos de Revista
945 ## - INFORMACIÓN LOCAL DEL REGISTRO
Catalogador Catherine Arias Álvarez - Practicante SENA

No hay ítems disponibles.

Biblioteca FUSBC | Teléfono: (57+4) 349 88 10 Ext. 141| WhatsApp (+57) 3005338115 
E-mail: biblioteca@unisbc.edu.co | Calle 76 87-14 Robledo Palenque, Medellín, Colombia

Con tecnología Koha